000 00488nam a2200193Ia 4500
003 OSt
005 20251104091941.0
008 210210b1982 xxu||||| |||| 00| 0 eng d
040 _cAL
041 _aKannada
082 _aK894.2 RAMG
100 _aRAMADAS.
_dರಾಮದಾಸ
_9243659
245 _aGarudagamba.
_bಗರುಡಗಂಬ.
260 _aUdupi
_bJyotismati Prakashana
_c1982
300 _a48
690 _aKannada Drama
_9243660
906 _aSG03173
942 _2ddc
_cBK
999 _c114123
_d114123